| 000 | 00705cam a22002173a 4500 | ||
|---|---|---|---|
| 001 | 34123 | ||
| 003 | PGUSA | ||
| 005 | 20140828083733.0 | ||
| 008 | 101024s2010||||xxu|||||s|||||000 | eng d | ||
| 040 |
_aPGUSA _beng |
||
| 042 | _adc | ||
| 100 | 1 |
_aAdams, John, _d1735-1826 |
|
| 245 | 1 | 0 |
_aFamiliar Letters of John Adams and His Wife Abigail Adams During the Revolution : _bwith a Memoir of Mrs. Adams _h[electronic resource] / _cJohn Adams |
| 260 |
_bProject Gutenberg, _c2010 |
||
| 506 | _aPublic domain in the USA. | ||
| 516 | _aElectronic text | ||
| 700 | 1 |
_aAdams, Charles Francis, _d1807-1886 |
|
| 830 | 0 |
_aProject Gutenberg _v34123 |
|
| 856 | 4 | 0 | _uhttp://www.gutenberg.org/ebooks/34123 |
| 942 | _cEB | ||
| 999 |
_c263378 _d263378 |
||